Countries of the World - Sudden Death - Statistics

General Stats
  • This quiz has been taken 136 times
    135 since last reset
  • The average score is 11 of 14
Answers on the Grid
Answers color-coded by a green-red scale on the quiz's grid according to % correct below.
India
Venezuela
Bavaria
Wales
Switzerland
Chad
Croatia
Iraq
Holland
Catalonia
Manchuria
Brazil
Fiji
Mexico
Czechoslovakia
Yugoslavia
Denmark
Nicaragua
Genoa
Prussia
U.S.S.R
Saudi Arabia
Azerbaijan
Algeria
 
Answer Stats
Answer % Correct
India
95%
Venezuela
86%
Switzerland
84%
Chad
81%
Croatia
81%
Iraq
78%
Brazil
76%
Denmark
73%
Fiji
70%
Mexico
70%
Saudi Arabia
70%
Algeria
68%
Nicaragua
68%
Azerbaijan
65%
No matching quizzes found
Score Distribution
Percent of People with Each Score
Percentile by Number Answered
Your Score History
You have not taken this quiz since the last reset